000 00349 a2200109 4500
001 ART_2806
005 20260410161710.0
008 260409a
245 1 0 _aLos procesos de movilización e integración y el cambio social
100 1 _aGermani, Gino
773 0 _tDesarrollo económico
_g- Vol. 3, Nº 3 (oct./dic. 1963)
_wREV1174
999 _c15987
_d15987